A novel cross-flow microreactor for kinetic studies of catalytic processes
Ha sido desarrollado un reactor microqum̕ico diferencial de silicona que emplea una geometra̕ novedosa de flujo cruzado, para el anl̀isis de catalizadores porosos soportados. El diseǫ de flujo cruzado disminuye la cad̕a de presin̤ al emplear un lecho catalt̕ico superficial, pero amplio. El modelami...
Tallennettuna:
| Muut tekijät: | , , , , |
|---|---|
| Aineistotyyppi: | Kirja |
| Kieli: | englanti |
| Aiheet: | |
| Linkit: | A novel cross-flow microreactor for kinetic studies of catalytic processes |
| Tagit: |
Lisää tagi
Ei tageja, Lisää ensimmäinen tagi!
|
MARC
| LEADER | 00000nam a22000004a 4500 | ||
|---|---|---|---|
| 001 | vpro56 | ||
| 005 | 20201223000000.0 | ||
| 008 | 120716s2004 ck # g## #001 0#eng#d | ||
| 020 | |a 9783642627064 | ||
| 022 | |||
| 040 | |a CO-BoINGC | ||
| 041 | 0 | |a eng | |
| 245 | 1 | 0 | |a A novel cross-flow microreactor for kinetic studies of catalytic processes |
| 246 | |a Un nuevo microreactor de flujo cruzado para estudios cinťicos de procesos catalt̕icos | ||
| 264 | |a Bogot ̀(Colombia) : |b Revista VirtualPRO, |c 2004 | ||
| 520 | 3 | |a Ha sido desarrollado un reactor microqum̕ico diferencial de silicona que emplea una geometra̕ novedosa de flujo cruzado, para el anl̀isis de catalizadores porosos soportados. El diseǫ de flujo cruzado disminuye la cad̕a de presin̤ al emplear un lecho catalt̕ico superficial, pero amplio. El modelamiento, la visualizacin̤ de flujo y la cad̕a de presin̤ confirman la distribucin̤ de flujo a travš del reactor. Los experimentos cinťicos con la oxidacin̤ de monx̤ido de carbono como modelo qum̕ico demuestran que el microreactor de flujo cruzado es una herramienta de laboratorio prc̀tica para la evaluacin̤ de catalizadores. | |
| 650 | \ | \ | |a Reacciones qum̕icas |
| 650 | \ | \ | |a Ingeniera̕ qum̕ica |
| 650 | \ | \ | |a Catalizadores |
| 650 | \ | \ | |a Catl̀isis |
| 650 | \ | \ | |a Biotecnologa̕ |
| 650 | \ | \ | |a Activacin̤ qum̕ica |
| 650 | \ | \ | |a Chemical reactions |
| 650 | \ | \ | |a Chemical engineering |
| 650 | \ | \ | |a Catalysts |
| 650 | \ | \ | |a Catalysis |
| 650 | \ | \ | |a Biotechnology |
| 650 | \ | \ | |a Activation (Chemistry) |
| 650 | \ | \ | |a Ensayo de catalizadores |
| 650 | \ | \ | |a Lecho fijo |
| 650 | \ | \ | |a Cinťica |
| 650 | \ | \ | |a Catl̀isis |
| 650 | \ | \ | |a Deteccin̤ |
| 650 | \ | \ | |a Microqum̕ica |
| 650 | \ | \ | |a Catalyst testing |
| 650 | \ | \ | |a Fixed-bed |
| 650 | \ | \ | |a Packed-bed |
| 650 | \ | \ | |a Kinetics |
| 650 | \ | \ | |a Catalysis,Screening |
| 650 | \ | \ | |a Microchemical |
| 700 | \ | \ | |a Ajmera Sameer K. |
| 700 | \ | \ | |a Delattre Cyril |
| 700 | \ | \ | |a Schmidt Martin A. |
| 700 | \ | \ | |a Jensen Klavs F. |
| 700 | \ | \ | |a Matlosz M., Ehrfeld W., Baselt J.P. |
| 856 | |z A novel cross-flow microreactor for kinetic studies of catalytic processes |u https://virtualpro.unach.elogim.com/biblioteca/un-nuevo-microreactor-de-flujo-cruzado-para-estudios-cineticos-de-procesos-cataliticos | ||